| 000 | 00566nam a2200181 a 4500 | ||
|---|---|---|---|
| 005 | 20180803165428.0 | ||
| 008 | 160122b xxu||||gr|||| 00| 0 spa d | ||
| 040 |
_aCO-BoIAVH _cCO-BoIAVH |
||
| 041 | _aspa | ||
| 082 | 4 |
_a577.538 _bH71l |
|
| 100 | 1 |
_aHofstede, Robert _96722 |
|
| 245 | 1 |
_aPáramos andinos _bsu diversidad, sus habitantes, sus problemas y sus perspectivas |
|
| 260 |
_aQuito _bProyecto Páramo _c200? |
||
| 300 |
_a24 paginas. _bilustraciones.; _c22 x 28 cm. |
||
| 650 | 6 |
_aPáramos _992513 |
|
| 650 | 4 |
_aEcosistemas andinos _953601 |
|
| 942 |
_cLIBRO _2ddc |
||
| 999 |
_c7139 _d7139 |
||